| 000 | 00445nam a2200109Ia 4500 | ||
|---|---|---|---|
| 008 | 220204s9999 xx 000 0 und d | ||
| 082 |
_aNR:62:678.021 _bDOY |
||
| 100 | _aDoyle, Michael J | ||
| 245 | 0 | _aMechanism of ozone crack initiation in blends of natural rubber with saturated hydrocarbon elastomers: Paper presented at International Tire Exhibition and Conference (ITEC`96), Ohio, September 10-12, 1996 | |
| 260 |
_aAkron _c1996 |
||
| 942 | _cBK | ||
| 999 |
_c41074 _d41074 |
||